| LEADER | 00489nam a2200181Ia 4500 | ||
|---|---|---|---|
| 001 | CTU_80445 | ||
| 008 | 210402s9999 xx 000 0 und d | ||
| 082 | |a 330 | ||
| 082 | |b G148 | ||
| 100 | |a Galbraith, John Kenneth | ||
| 245 | 0 | |a Almost everyone's guide to economics | |
| 245 | 0 | |c John Kenneth Galbraith | |
| 260 | |a New York | ||
| 260 | |b A Bantam book | ||
| 260 | |c 1978 | ||
| 650 | |a Economics | ||
| 904 | |i Trọng Hải | ||
| 980 | |a Trung tâm Học liệu Trường Đại học Cần Thơ | ||